[Event "12th Teplice Open 2017"]
[Site "Teplice CZE"]
[Date "2017.06.15"]
[Round "6.6"]
[White "Nagy,Ga1"]
[Black "Plischki,S"]
[Result "1-0"]
[WhiteElo "2447"]
[BlackElo "2373"]

1.e4 c5 2.Nf3 d6 3.d4 cxd4 4.Qxd4 Nc6 5.Bb5 Bd7 6.Qd3 Nf6 7.c4 g6 8.Nc3 Bg7
9.O-O O-O 10.h3 a6 11.Bxc6 Bxc6 12.Be3 a5 13.b3 Nd7 14.Nd4 Nc5 15.Qc2 Qb6
16.Rab1 Rfc8 17.Rfd1 Qb4 18.a3 Qb6 19.b4 axb4 20.axb4 Na4 21.Ne6 Qxe3 22.fxe3
Nxc3 23.Nxg7 Nxd1 24.Qxd1 Kxg7 25.Qd4+ f6 26.c5 dxc5 27.Qxc5 Kf8 28.Rf1 Ke8
29.Qc4 Kf8 30.b5 Be8 31.Qb4 Kf7 32.e5 f5 33.e4 e6 34.exf5 exf5 35.Rd1 Rd8
36.e6+ Kg8 37.Rxd8 Rxd8 38.Qe7 {#r} 1-0

[Event "12th Teplice Open 2017"]
[Site "Teplice CZE"]
[Date "2017.06.15"]
[Round "6.8"]
[White "Stocek,J"]
[Black "Kirk,Ez"]
[Result "1-0"]
[WhiteElo "2585"]
[BlackElo "2324"]

1.d4 Nf6 2.Bf4 g6 3.Nc3 d5 4.Qd2 Bg7 5.f3 c5 6.dxc5 Nc6 7.e4 dxe4 8.Qxd8+ Nxd8
9.O-O-O O-O 10.Nxe4 Nxe4 11.fxe4 Be6 12.a3 Nc6 13.Nf3 h6 14.Bb5 Rfc8 15.Kb1
Rd8 16.h3 Rac8 17.Be3 a6 18.Bxc6 bxc6 19.Bd4 f6 20.Bc3 Kf7 21.Nd4 Rd7 22.Rhe1
Rb7 23.Ba5 Bd7 24.Bb6 e5 25.Nb3 Be6 26.Na5 Rd7 27.Rd6 Rxd6 28.cxd6 Ke8 29.Bc7
f5 30.Nxc6 fxe4 31.Rxe4 Bd5 32.Nxe5 {#r} 1-0

[Event "12th Teplice Open 2017"]
[Site "Teplice CZE"]
[Date "2017.06.15"]
[Round "6.9"]
[White "Lagarde,Max"]
[Black "Kulhanek,T"]
[Result "1-0"]
[WhiteElo "2601"]
[BlackElo "2353"]

1.e4 d6 2.d4 Nf6 3.Nc3 g6 4.f4 Bg7 5.Nf3 O-O 6.Bd3 Nc6 7.e5 dxe5 8.fxe5 Nh5
9.Be3 f6 10.exf6 exf6 11.Bc4+ Kh8 12.Qd2 Bg4 13.O-O Bxf3 14.Rxf3 f5 15.Rd1 a6
16.Ne2 Qe7 17.c3 Rad8 18.Qc1 Na5 19.Bd3 b5 20.b3 Nb7 21.Re1 Rfe8 22.Bf2 Qd6
23.Ng3 Nxg3 24.Bxg3 Qd7 25.Rfe3 Rxe3 26.Qxe3 c5 27.Qe7 h5 28.Qg5 Re8 29.Qxg6
Bxd4+ 30.Kh1 Rxe1+ 31.Bxe1 Qe7 32.Qxh5+ Kg7 33.Qd1 Bf6 34.Bxf5 Nd6 35.Bc2 Be5
36.Qg4+ Kf8 37.Qf3+ Nf7 38.g3 Qg5 39.Kg2 {#r} 1-0

[Event "12th Teplice Open 2017"]
[Site "Teplice CZE"]
[Date "2017.06.15"]
[Round "6.10"]
[White "Turov,M"]
[Black "Kaczmarek,Ale"]
[Result "1-0"]
[WhiteElo "2595"]
[BlackElo "2363"]

1.d4 c5 2.d5 e6 3.e4 exd5 4.exd5 d6 5.Nf3 a6 6.c4 Ne7 7.Bd3 g6 8.O-O Bg7 9.Re1
O-O 10.Nc3 Nd7 11.Bf4 Nf6 12.a4 h6 13.h3 Nh5 14.Bh2 f5 15.Nh4 Rf7 16.Nxg6 Nxg6
17.Qxh5 Ne5 18.Bf1 f4 19.Re4 Qf8 20.Rae1 Bd7 21.Qd1 Re8 22.Qd2 f3 23.g4 h5
24.Bxe5 Bxe5 25.Qg5+ Rg7 26.Qxh5 Bf5 27.Rxe5 Rxe5 28.Rxe5 dxe5 29.Kh2 Bxg4
30.Qxe5 Bf5 31.d6 Qf7 32.Nd5 Kh8 33.Ne7 Qe6 34.Qxe6 Bxe6 35.h4 Bd7 36.a5 Rf7
37.Ng6+ Kg8 38.Ne5 Rg7 39.h5 Bf5 40.Bh3 Bxh3 41.Kxh3 Kf8 42.d7 Ke7 43.h6 Rh7
44.Kg4 Kd8 45.Kxf3 Kc7 46.Kg4 Rh8 47.Nf7 {#r} 1-0

[Event "12th Teplice Open 2017"]
[Site "Teplice CZE"]
[Date "2017.06.15"]
[Round "6.11"]
[White "Schmidt,Tom DEN"]
[Black "Vorobiov,E"]
[Result "0-1"]
[WhiteElo "2187"]
[BlackElo "2591"]

1.Nf3 g6 2.c4 c5 3.Nc3 Bg7 4.d4 cxd4 5.Nxd4 Nc6 6.Nc2 d6 7.g3 Bxc3+ 8.bxc3 Qa5
9.Ne3 Nf6 10.Bg2 h5 11.h4 Bd7 12.O-O Rc8 13.Nd5 Nxd5 14.cxd5 Ne5 15.Be3 b6
16.Bd4 f6 17.f4 Ng4 18.Qd3 Kf7 19.a4 Rc7 {#R} 0-1

[Event "12th Teplice Open 2017"]
[Site "Teplice CZE"]
[Date "2017.06.15"]
[Round "6.14"]
[White "Cernousek,L"]
[Black "Thorsbro,P"]
[Result "1-0"]
[WhiteElo "2464"]
[BlackElo "2180"]

1.d4 f5 2.c4 Nf6 3.Nc3 d6 4.Bg5 Nbd7 5.Qc2 g6 6.O-O-O Bg7 7.h4 c6 8.Nh3 Qa5
9.Nf4 Nf8 10.h5 Ng4 11.h6 Bf6 12.Bxf6 Nxf6 13.d5 Bd7 14.Kb1 O-O-O 15.Ka1 e5
16.Nh3 Qc7 17.Ng5 f4 18.Qd2 Bg4 19.f3 Bf5 20.g4 fxg3 21.e4 cxd5 22.Nxd5 Nxd5
23.cxd5 Qd7 24.exf5 gxf5 25.Bh3 Kb8 26.Qc2 e4 27.Nxe4 Rg8 {#r} 1-0

[Event "12th Teplice Open 2017"]
[Site "Teplice CZE"]
[Date "2017.06.15"]
[Round "6.15"]
[White "Andreev,Ed UKR"]
[Black "Pultorak,Jan"]
[Result "1-0"]
[WhiteElo "2434"]
[BlackElo "2302"]

1.e4 c5 2.Nf3 d6 3.d4 Nf6 4.Nc3 cxd4 5.Nxd4 a6 6.Be3 e6 7.f3 b5 8.Qd2 b4 9.Na4
Nbd7 10.Bc4 Ne5 11.Bb3 Qc7 12.Qxb4 Rb8 13.Qc3 Qb7 14.Qd2 Bd7 15.Nc3 Be7 16.Qe2
O-O 17.O-O Rfc8 18.Kh1 a5 19.a4 Nc6 20.Ndb5 Nb4 21.Rad1 Ne8 22.Rd2 Ra8 23.Rfd1
Ra6 24.Bf4 Bxb5 25.Nxb5 Rd8 26.c3 Nc6 27.Bc4 Nb8 28.Bg3 Rc6 29.Nd4 Rcc8 30.Bb5
Nc7 31.Nb3 Nxb5 32.Qxb5 Qa7 33.Qxa5 Qe3 34.Nd4 Rc5 35.Qa7 Kf8 36.Bf2 Qf4
37.Nxe6+ fxe6 38.Bxc5 Nc6 39.Qc7 {#r} 1-0

[Event "12th Teplice Open 2017"]
[Site "Teplice CZE"]
[Date "2017.06.16"]
[Round "7.1"]
[White "Sengupta,D"]
[Black "Dragun,K"]
[Result "0-1"]
[WhiteElo "2594"]
[BlackElo "2614"]

1.Nf3 d5 2.c4 d4 3.g3 Nc6 4.Bg2 e5 5.O-O Nf6 6.d3 Bd6 7.e3 O-O 8.exd4 Nxd4
9.Nxd4 exd4 10.Nd2 Re8 11.Ne4 Nxe4 12.dxe4 c5 13.f4 Bf8 14.Qd3 b5 15.b3 bxc4
16.bxc4 Rb8 17.Bd2 Ba6 18.Rab1 Qd7 19.Rb3 Rb6 20.e5 Bb7 21.Bxb7 Qxb7 22.Ba5
Rxb3 23.axb3 Re6 24.Bd2 g6 25.Rf3 Bg7 26.Kf2 Ra6 27.Qb1 Re6 28.h4 Ra6 29.g4
Qd7 30.Rg3 f6 31.exf6 Bxf6 32.g5 Bg7 33.f5 gxf5 34.Rf3 d3 35.Rxd3 Bd4+ 36.Kg2
Ra1 37.Qc2 Qc6+ {#R} 0-1

[Event "12th Teplice Open 2017"]
[Site "Teplice CZE"]
[Date "2017.06.16"]
[Round "7.4"]
[White "Cernousek,L"]
[Black "Lagarde,Max"]
[Result "0-1"]
[WhiteElo "2464"]
[BlackElo "2601"]

1.d4 g6 2.c4 Bg7 3.Nc3 d6 4.Nf3 f5 5.e4 Nf6 6.Bd3 e6 7.e5 dxe5 8.dxe5 Ng4
9.Qe2 Nc6 10.Bg5 Nd4 11.Bxd8 Nxe2 12.Bxc7 Nxc3 13.bxc3 Bd7 14.h3 Rc8 15.Bd6
Nh6 16.Ng5 Nf7 17.Nxf7 Kxf7 18.c5 Bc6 19.O-O g5 20.Rab1 h5 21.Bb5 Be4 22.Rb4
b6 23.Ra4 Ra8 24.f3 Bc2 25.Ra6 f4 26.Rc1 Bf5 27.Bc6 Rac8 28.Rxa7+ Kg6 29.Bb7
Rxc5 30.Bxc5 bxc5 31.Ra8 Rh7 32.Be4 Bxe4 33.fxe4 Bxe5 34.Rc8 Rd7 35.Rxc5 Bb8
36.Rb5 Ba7+ 37.Kh1 Rd2 38.c4 Be3 39.Rcb1 Rxa2 40.R5b2 Ra6 41.g3 fxg3 42.Kg2 h4
43.Rc2 Ra5 44.Kf3 Bf2 45.Rb5 Ra1 46.c5 g4+ {#R} 0-1

[Event "12th Teplice Open 2017"]
[Site "Teplice CZE"]
[Date "2017.06.16"]
[Round "7.8"]
[White "Ahlander,B"]
[Black "Demuth,A"]
[Result "0-1"]
[WhiteElo "2423"]
[BlackElo "2548"]

1.d4 f5 2.Bg5 g6 3.Nc3 Bg7 4.h4 h6 5.Bf4 Nf6 6.e4 fxe4 7.f3 d5 8.Qd2 Nc6
9.O-O-O exf3 10.Bd3 Bf5 11.Bxf5 gxf5 12.gxf3 Nh5 13.Nge2 Qd7 14.Bh2 O-O-O
15.Kb1 a6 16.Na4 b6 17.Qd3 Kb7 18.Qb3 Ka7 19.Qe3 Rhe8 20.b3 e5 21.dxe5 Nxe5
22.Qf2 Nc4 23.Rhg1 Ne3 24.Rd3 d4 25.Rg6 f4 26.Nxf4 Nxf4 27.Bxf4 Qf7 28.Rg1
Qxf4 29.Rxg7 Nf5 30.Rf7 Rf8 31.Rh7 Rh8 32.Rxh8 Rxh8 33.c3 Qxh4 34.Qe2 Rg8
35.Qe5 Qh1+ 36.Kb2 Rg2+ 37.Ka3 Qc1+ 38.Kb4 Nd6 39.Nxb6 Kxb6 40.Qxd4+ Kb7
41.Re3 Rxa2 42.c4 Qa3+ 43.Kc3 Qa5+ {#R} 0-1

[Event "12th Teplice Open 2017"]
[Site "Teplice CZE"]
[Date "2017.06.16"]
[Round "7.11"]
[White "Stefansson,H"]
[Black "Hnydiuk,A"]
[Result "0-1"]
[WhiteElo "2548"]
[BlackElo "2404"]

1.e4 c5 2.Nf3 d6 3.d4 cxd4 4.Nxd4 Nf6 5.Nc3 a6 6.a4 e6 7.Be2 b6 8.f4 Bb7 9.Bf3
Qc7 10.O-O Nbd7 11.Qe1 Be7 12.g4 h6 13.g5 hxg5 14.fxg5 d5 15.Qf2 Bc5 16.Nce2
Ne5 17.Bf4 dxe4 18.Bg2 Nd5 19.Bg3 Ng4 20.Qe1 e5 21.g6 f6 22.Kh1 Nxh2 23.Bxh2
exd4 24.Ng3 Ne3 25.Nh5 {#R} 0-1

[Event "12th Teplice Open 2017"]
[Site "Teplice CZE"]
[Date "2017.06.16"]
[Round "7.14"]
[White "Mikes,J"]
[Black "Hilverda,A"]
[Result "1-0"]
[WhiteElo "2212"]
[BlackElo "2382"]

1.e4 e5 2.Nf3 Nc6 3.Bb5 a6 4.Ba4 Nf6 5.O-O Be7 6.Re1 b5 7.Bb3 d6 8.c3 O-O 9.h3
Nb8 10.d4 Nbd7 11.Nbd2 Bb7 12.Bc2 Re8 13.Nf1 Bf8 14.Ng3 g6 15.Nh2 Bg7 16.d5
Nb6 17.h4 c6 18.dxc6 Bxc6 19.h5 d5 20.Bg5 Qc7 21.Qc1 Nxe4 22.Bxe4 dxe4 23.hxg6
hxg6 24.Nxe4 f5 25.Nf6+ Bxf6 26.Bxf6 Nd5 27.Bg5 Nf4 28.Bxf4 exf4 29.Qc2 Kg7
30.c4 Be4 31.Qc3+ Kh7 32.c5 a5 33.Rac1 b4 34.Qc4 Qc6 35.Qf7+ Kh6 36.Red1 Qe6
37.Qc7 Qe5 38.Qxe5 Rxe5 39.Rd6 Rc8 40.c6 Rd5 41.Rxd5 Bxd5 42.c7 Bxa2 43.Nf3 a4
44.Ne5 b3 45.Nf7+ Kg7 46.Nd6 a3 47.Nxc8 axb2 48.Re1 {#r} 1-0

[Event "12th Teplice Open 2017"]
[Site "Teplice CZE"]
[Date "2017.06.17"]
[Round "8.4"]
[White "Turov,M"]
[Black "Babula,V"]
[Result "1-0"]
[WhiteElo "2595"]
[BlackElo "2552"]

1.Nf3 Nf6 2.g3 b6 3.Bg2 Bb7 4.O-O g6 5.d3 Bg7 6.e4 d6 7.Ng5 e5 8.f4 Nbd7 9.Nc3
Qe7 10.Nb5 O-O 11.Nxc7 Rac8 12.Nb5 exf4 13.Bxf4 Nh5 14.c3 Rc5 15.Qb3 Rxg5
16.Bxd6 Qd8 17.d4 Nhf6 18.Bxf8 Nxf8 19.e5 Bxg2 20.Kxg2 Nd5 21.Nd6 Qa8 22.Kg1
f5 23.exf6 Bh6 24.c4 Nc7 25.Rae1 Qc6 26.Ne8 Nce6 27.d5 Qc5+ 28.Kh1 Nd4 29.f7+
Kh8 30.Qc3 Rxd5 31.Re4 Rd8 32.Rd1 Bg7 33.Nxg7 Ne2 34.Ne6+ Nxc3 35.Rxd8 Nxe4
36.Nxc5 {#r} 1-0

[Event "12th Teplice Open 2017"]
[Site "Teplice CZE"]
[Date "2017.06.17"]
[Round "8.5"]
[White "Hnydiuk,A"]
[Black "Vorobiov,E"]
[Result "1-0"]
[WhiteElo "2404"]
[BlackElo "2591"]

1.Nf3 c5 2.c4 g6 3.e4 Nc6 4.d4 cxd4 5.Nxd4 Bg7 6.Be3 Nf6 7.Nc3 O-O 8.Be2 d6
9.O-O Bd7 10.Qd2 Nxd4 11.Bxd4 Bc6 12.f3 a5 13.b3 Nd7 14.Be3 Nc5 15.Rac1 Be5
16.Rfd1 e6 17.Qe1 Qe7 18.Nb5 b6 19.f4 Bb2 20.Rc2 Bg7 21.Nxd6 Nxe4 22.Bf3 Nxd6
23.Bxc6 Rab8 24.c5 Nf5 25.cxb6 Nxe3 26.Qxe3 Rfd8 27.Rcd2 Rxd2 28.Rxd2 Qa3
29.Kf2 a4 30.bxa4 Qxe3+ 31.Kxe3 Rxb6 32.Rd8+ Bf8 33.Bb5 Kg7 34.Kd4 Rb7 35.Rd7
Rxd7+ 36.Bxd7 Bd6 37.g3 Kf8 38.a5 Ke7 39.a6 Bb8 40.Bxe6 fxe6 41.Kc5 g5 42.Kc6
gxf4 43.gxf4 {#r} 1-0

[Event "12th Teplice Open 2017"]
[Site "Teplice CZE"]
[Date "2017.06.17"]
[Round "8.8"]
[White "Zakhartsov,Vi"]
[Black "Kirk,Ez"]
[Result "1-0"]
[WhiteElo "2544"]
[BlackElo "2324"]

1.d4 Nf6 2.c4 g6 3.Nc3 Bg7 4.e4 d6 5.Nf3 O-O 6.Be2 e5 7.O-O Nc6 8.d5 Ne7 9.b4
Nh5 10.g3 f5 11.Ng5 Nf6 12.Bf3 h6 13.Ne6 Bxe6 14.dxe6 c6 15.b5 fxe4 16.Bg2 d5
17.cxd5 cxd5 18.Ba3 Re8 19.Qb3 Qb6 20.Bxe7 Rxe7 21.Nxd5 Nxd5 22.Qxd5 Rd8
23.Qxe4 Qxe6 24.Rad1 Rxd1 25.Rxd1 Kh7 26.h4 h5 27.Bf3 Qf5 28.Rd6 Rf7 29.Qxf5
gxf5 30.Bxh5 Rf6 31.Rd7 Kh6 32.Rxb7 Bf8 33.Be2 Bc5 34.a4 Rd6 35.Rc7 Bb6 36.Rc6
Rxc6 37.bxc6 Kg6 38.Kg2 Kf6 39.f3 Ke6 40.g4 fxg4 41.fxg4 Kd5 42.g5 {#r} 1-0

[Event "12th Teplice Open 2017"]
[Site "Teplice CZE"]
[Date "2017.06.17"]
[Round "8.9"]
[White "Dobrowolski,P"]
[Black "Worek,J"]
[Result "1-0"]
[WhiteElo "2421"]
[BlackElo "2255"]

1.e4 c5 2.Ne2 d6 3.g3 g6 4.Bg2 Bg7 5.O-O Nc6 6.c3 e5 7.d3 Nge7 8.a3 O-O 9.b4
a6 10.Be3 cxb4 11.axb4 Be6 12.Nd2 d5 13.Qb1 d4 14.cxd4 exd4 15.Bf4 Na7 16.Nb3
Nec6 17.Nc5 Bg4 18.Nxb7 Qb6 19.f3 Qxb7 20.fxg4 Ne5 21.Bxe5 Bxe5 22.Nf4 Nb5
23.Qb3 Qe7 24.Nd5 Qe6 25.g5 Kh8 26.Rf2 Ra7 27.Ra5 Rc8 28.Qd1 Nc3 29.Qf1 Bg7
30.Bh3 Qe8 31.Bxc8 Qxc8 32.Rxf7 {#r} 1-0

[Event "12th Teplice Open 2017"]
[Site "Teplice CZE"]
[Date "2017.06.17"]
[Round "8.10"]
[White "Mikes,J"]
[Black "Rosen,E"]
[Result "1-0"]
[WhiteElo "2212"]
[BlackElo "2372"]

1.e4 c5 2.Nf3 e6 3.d4 cxd4 4.Nxd4 Nc6 5.Nc3 Qc7 6.Be3 a6 7.Qd2 Nf6 8.f3 Ne5
9.O-O-O b5 10.Nb3 Nc4 11.Bxc4 bxc4 12.Nd4 Rb8 13.Bf4 d6 14.e5 Qb7 15.b3 Nh5
16.exd6 Nxf4 17.Qxf4 Bd7 18.Rhe1 Qb4 19.Ne4 Qa3+ 20.Kb1 Rb6 21.Qg5 f6 22.Qe3
Bxd6 23.Nxd6+ Rxd6 24.Nf5 Rxd1+ 25.Rxd1 Qa5 26.Qa7 O-O 27.Ne7+ Kh8 28.Qxd7 c3
29.Qd6 Re8 30.Nc6 Qh5 31.Qd7 Rg8 32.Qxe6 h6 33.Qe3 Rc8 34.Rd8+ Rxd8 35.Nxd8
Qxh2 36.Qxc3 Qxg2 37.Ne6 h5 38.Nf4 Qg1+ 39.Kb2 h4 40.Qc8+ Kh7 41.Qf5+ Kg8
42.Qd7 Qe3 43.Qd5+ Kh7 44.Ng2 Qe8 45.Nxh4 g5 46.Nf5 Kg6 47.Ng3 {#r} 1-0

[Event "12th Teplice Open 2017"]
[Site "Teplice CZE"]
[Date "2017.06.17"]
[Round "8.11"]
[White "Maryasin,B"]
[Black "Cernousek,L"]
[Result "1-0"]
[WhiteElo "2342"]
[BlackElo "2464"]

1.e4 c6 2.d4 d5 3.e5 Bf5 4.Nf3 e6 5.Be2 Nd7 6.O-O Ne7 7.Nbd2 h6 8.Nb3 g5 9.Ne1
Qc7 10.Nd3 O-O-O 11.Bd2 Bxd3 12.Bxd3 c5 13.Nxc5 Nxc5 14.dxc5 Bg7 15.f4 gxf4
16.Bxf4 Qxc5+ 17.Kh1 Nc6 18.Qh5 Rd7 19.c3 d4 20.cxd4 Qxd4 21.Bb5 Qxb2 22.Bxc6
bxc6 23.Rac1 Rc7 24.Qf3 Qb5 25.Rfd1 Rd8 26.Rd6 Rdd7 27.Qe4 Kd8 28.Qh7 Bxe5
29.Qg8+ Ke7 30.Rxd7+ Rxd7 31.Bxh6 Bf6 32.Qf8# 1-0

[Event "12th Teplice Open 2017"]
[Site "Teplice CZE"]
[Date "2017.06.17"]
[Round "8.13"]
[White "Andreev,Ed UKR"]
[Black "Rubes,J"]
[Result "1-0"]
[WhiteElo "2434"]
[BlackElo "2323"]

1.e4 c5 2.Nf3 d6 3.d4 cxd4 4.Nxd4 Nf6 5.Nc3 a6 6.Be3 e5 7.Nb3 Be6 8.f3 Be7
9.Qd2 h5 10.Nd5 Nxd5 11.exd5 Bf5 12.Be2 Bh4+ 13.g3 Be7 14.O-O Nd7 15.Na5 Qc7
16.c4 h4 17.g4 Bg6 18.b4 O-O 19.Kh1 Rae8 20.Rg1 f5 21.gxf5 Bxf5 22.Rac1 b6
23.Nc6 Bf6 24.a4 Nb8 25.a5 bxa5 26.Nxa5 Bd8 27.c5 dxc5 28.d6 Qf7 29.bxc5 Bxa5
30.Qxa5 Qh5 31.Rg5 Qh7 32.Qa4 Bd7 33.Qb3+ Kh8 34.Bd3 e4 35.Bd4 exd3 36.Rxg7
Qxg7 37.Bxg7+ Kxg7 38.Rg1+ Kh6 39.Qc3 Rf7 40.Qd2+ Kh7 41.Qg5 {#r} 1-0

[Event "12th Teplice Open 2017"]
[Site "Teplice CZE"]
[Date "2017.06.17"]
[Round "8.14"]
[White "Serrano Salvador,E"]
[Black "Stachowiak,K"]
[Result "0-1"]
[WhiteElo "2326"]
[BlackElo "2428"]

1.d4 Nf6 2.Nf3 e6 3.c4 b6 4.a3 Bb7 5.Nc3 d5 6.cxd5 Nxd5 7.Qc2 Be7 8.e4 Nxc3
9.bxc3 O-O 10.Bd3 c5 11.O-O h6 12.Rd1 cxd4 13.cxd4 Nd7 14.Bf4 Nf6 15.Qe2 Qd7
16.d5 exd5 17.e5 Nh5 18.Bd2 d4 19.Ne1 g6 20.Bxh6 Ng7 21.Bc4 Bc5 22.Rd3 Rfe8
23.Rh3 Qf5 24.Nd3 Bf8 25.Qd2 a6 26.Bg5 Rac8 27.Bf6 Nh5 28.Qa2 Rc7 29.Bh4 Rec8
30.Bd5 Rc2 31.e6 Rxa2 {#R} 0-1

[Event "12th Teplice Open 2017"]
[Site "Teplice CZE"]
[Date "2017.06.17"]
[Round "8.16"]
[White "Kucuksari,Kaan"]
[Black "Luch,M"]
[Result "1-0"]
[WhiteElo "2299"]
[BlackElo "2401"]

1.d4 Nf6 2.Nf3 e6 3.c4 d5 4.g3 dxc4 5.Bg2 Bb4+ 6.Bd2 a5 7.Qc2 Bxd2+ 8.Qxd2 c6
9.a4 Ne4 10.Qf4 Qb6 11.O-O Qxb2 12.Nbd2 Nc3 13.Qe3 Qb4 14.Ne5 Nd5 15.Qf3 O-O
16.Nexc4 Qe7 17.e4 Nb4 18.Qc3 Nd7 19.f4 b6 20.f5 Ba6 21.Rf2 Bxc4 22.Nxc4 f6
23.fxe6 Qxe6 24.d5 Qe7 25.dxc6 Nxc6 26.e5 Qc5 27.Qd3 Nb4 28.Qxd7 fxe5 29.Qe6+
Kh8 30.Qxb6 Qxc4 31.Bxa8 Rxa8 32.Raf1 h6 33.Qe3 e4 34.Rf8+ Rxf8 35.Rxf8+ Kh7
36.Re8 Kg6 37.Qxe4+ Qxe4 38.Rxe4 Kf6 39.Rc4 Nd3 40.Rc6+ Ke5 41.Ra6 Kd4 42.Rxa5
Nc5 43.Ra7 Kd5 {#r} 1-0

[Event "12th Teplice Open 2017"]
[Site "Teplice CZE"]
[Date "2017.06.18"]
[Round "9.2"]
[White "Nabaty,T"]
[Black "Hnydiuk,A"]
[Result "1-0"]
[WhiteElo "2644"]
[BlackElo "2404"]

1.d4 Nf6 2.c4 c5 3.d5 b5 4.cxb5 a6 5.e3 axb5 6.Bxb5 Qa5+ 7.Nc3 Bb7 8.Bd2 Qb6
9.Nf3 Nxd5 10.a4 e6 11.O-O Be7 12.e4 Nb4 13.Bf4 O-O 14.Bxb8 Rfxb8 15.Ne5 Qc7
16.Qxd7 Qxe5 17.Qxe7 Nc2 18.Rad1 Nd4 19.f4 Qh5 20.Rd3 f6 21.Rg3 Qf7 22.Qxc5
Rd8 23.Rd3 Nxb5 24.Rxd8+ Rxd8 25.axb5 Rd2 26.Rf2 Qd7 27.h3 h6 28.Kh2 Qd4
29.Qxd4 Rxd4 30.Re2 Kf8 31.Kg3 Ke7 32.Kf2 Rd3 33.Rc2 Kd8 34.Na4 Bxe4 35.Nc5
Rf3+ 36.gxf3 Bxc2 37.Nxe6+ Kc8 38.Nxg7 Bg6 39.Ke3 Kc7 40.Kd4 {#r} 1-0

[Event "12th Teplice Open 2017"]
[Site "Teplice CZE"]
[Date "2017.06.18"]
[Round "9.3"]
[White "Rausis,I"]
[Black "Zakhartsov,Vi"]
[Result "1-0"]
[WhiteElo "2617"]
[BlackElo "2544"]

1.Nf3 Nf6 2.c4 b6 3.g3 c5 4.Bg2 Bb7 5.O-O e6 6.Nc3 Be7 7.Re1 d5 8.cxd5 Nxd5
9.Nxd5 Qxd5 10.d4 cxd4 11.Qxd4 O-O 12.Bg5 Bxg5 13.Qxd5 Bxd5 14.Nxg5 Bxg2
15.Kxg2 Na6 16.Red1 Rfd8 17.Rac1 h6 18.Nf3 Rxd1 19.Rxd1 Rc8 20.Rd7 Rc2 21.Rxa7
Nb4 22.a3 Nd5 23.Kf1 Rxb2 24.Ne5 f6 25.Nf3 Rc2 26.e4 Nc7 27.a4 e5 28.Nh4 Ne6
29.Nf5 Rc7 30.Rxc7 Nxc7 31.Nd6 Na6 32.Nc4 Nc5 33.Nxb6 Nxe4 34.Ke2 Nc5 35.Kd2
Kf7 36.Kc3 Ke6 37.Kc4 Nxa4 38.Nxa4 Kf5 39.Kd3 Kg4 40.Ke3 Kh3 41.Nc5 h5 42.Ne6
g5 43.Ng7 Kxh2 44.Nxh5 f5 45.Nf6 g4 46.Nxg4+ fxg4 47.Ke4 {#r} 1-0

[Event "12th Teplice Open 2017"]
[Site "Teplice CZE"]
[Date "2017.06.18"]
[Round "9.4"]
[White "Lagarde,Max"]
[Black "Nagy,Ga1"]
[Result "1-0"]
[WhiteElo "2601"]
[BlackElo "2447"]

1.d4 Nf6 2.c4 c5 3.d5 b5 4.cxb5 a6 5.bxa6 g6 6.Nc3 Bg7 7.e4 O-O 8.a7 Rxa7
9.Nf3 d6 10.Be2 Ba6 11.O-O Nbd7 12.Rb1 Qa8 13.Re1 Bxe2 14.Qxe2 Ng4 15.Nd2 Bxc3
16.bxc3 Ngf6 17.a3 Rb8 18.Rxb8+ Qxb8 19.c4 Rb7 20.f4 Nh5 21.Qe3 f6 22.g3 Ng7
23.Qd3 Kh8 24.Re3 e5 25.f5 gxf5 26.exf5 e4 27.Qxe4 Ne5 28.Nf3 Re7 29.Nxe5 Rxe5
30.Qc2 Rxf5 31.Bb2 Qf8 32.a4 h5 33.a5 Qd8 34.Bc3 {#r} 1-0

[Event "12th Teplice Open 2017"]
[Site "Teplice CZE"]
[Date "2017.06.18"]
[Round "9.11"]
[White "Stachowiak,K"]
[Black "Maryasin,B"]
[Result "1-0"]
[WhiteElo "2428"]
[BlackElo "2342"]

1.d4 d5 2.Nf3 Nf6 3.g3 c5 4.Bg2 cxd4 5.Nxd4 g6 6.O-O Bg7 7.c4 O-O 8.cxd5 Nxd5
9.Nb5 a6 10.N1c3 Nxc3 11.Nxc3 Nc6 12.Be3 Nd4 13.Qd2 e5 14.Rfd1 Rb8 15.Bh6 Bg4
16.Bxg7 Kxg7 {#r} 1-0

[Event "12th Teplice Open 2017"]
[Site "Teplice CZE"]
[Date "2017.06.18"]
[Round "9.12"]
[White "Ahlander,B"]
[Black "Kucuksari,Kaan"]
[Result "1-0"]
[WhiteElo "2423"]
[BlackElo "2299"]

1.d4 Nf6 2.c4 e6 3.g3 Bb4+ 4.Bd2 Be7 5.Bg2 d5 6.Nf3 O-O 7.O-O c6 8.Qc2 Nbd7
9.Rd1 b6 10.Bf4 Bb7 11.Ne5 Nxe5 12.dxe5 Nd7 13.cxd5 cxd5 14.e4 g5 15.Be3 Nxe5
16.exd5 Bxd5 17.Nc3 Qc8 18.Bxd5 exd5 19.Rxd5 Qe6 20.Qe4 Ng6 21.Qxe6 fxe6
22.Rd7 Rfd8 23.Rad1 Kf8 24.Nb5 Ne5 25.Rxd8+ Bxd8 26.Rd6 Kf7 27.Kg2 Be7 28.Bd4
Nc4 29.Rc6 Na5 30.Rc7 a6 31.Na7 Rb8 32.Nc8 Ke8 {#r} 1-0

[Event "12th Teplice Open 2017"]
[Site "Teplice CZE"]
[Date "2017.06.18"]
[Round "9.14"]
[White "Zanan,E"]
[Black "Freisler,P"]
[Result "1-0"]
[WhiteElo "2442"]
[BlackElo "2257"]

1.d4 Nf6 2.c4 e6 3.g3 d5 4.Nf3 Bb4+ 5.Bd2 Bd6 6.Bg2 O-O 7.Nc3 c6 8.b3 Nbd7
9.O-O b6 10.e4 Nxe4 11.Nxe4 dxe4 12.Ng5 Nf6 13.Nxe4 Nxe4 14.Bxe4 Bd7 15.Qc2 h6
16.c5 Bc7 17.b4 b5 18.a4 a6 19.Bc3 Rc8 20.axb5 axb5 21.Ra6 Bb8 22.Qe2 f5
23.Bxc6 Rxc6 24.Rxc6 f4 25.Rb6 Qg5 26.Bd2 Qd5 27.Re1 Bc7 28.Ra6 Qxd4 29.Bxf4
Bxf4 30.Rd1 Qxb4 31.Rxd7 Bg5 32.Raa7 Bf6 33.Qxe6+ Kh8 34.Rf7 Qxc5 35.Rxf8+
Qxf8 36.Qd5 Qb4 37.Ra8+ Kh7 38.Qf5+ {#r} 1-0

[Event "12th Teplice Open 2017"]
[Site "Teplice CZE"]
[Date "2017.06.18"]
[Round "9.16"]
[White "Rosen,E"]
[Black "Bartos,J"]
[Result "1-0"]
[WhiteElo "2372"]
[BlackElo "2185"]

1.d4 Nf6 2.Nf3 e6 3.Bf4 c5 4.e3 cxd4 5.exd4 b6 6.Bd3 Bb7 7.O-O Be7 8.Re1 O-O
9.Nbd2 d6 10.c3 Nbd7 11.a4 a6 12.Qb3 Re8 13.h3 Bf8 14.Ng5 h6 15.Nge4 Qc7
16.Qc4 Qb8 17.Bc2 Nxe4 18.Nxe4 e5 19.dxe5 dxe5 20.Bb3 Re7 21.Bg3 Bxe4 22.Rxe4
Nc5 23.Rxe5 Rxe5 24.Qxf7+ Kh7 25.Qg8+ Kg6 26.Qf7+ Kh7 27.Bd5 Ra7 28.Qg8+ Kg6
29.b4 Nd7 30.Qf7+ Kh7 31.Qg8+ Kg6 32.Bf7+ Kf6 33.Bh5 Nc5 34.Bxe5+ Kxe5 35.bxc5
bxc5 36.Re1+ Kd6 37.Re6+ Kd5 {#r} 1-0

[Event "11th Engadin Pfingst Open"]
[Site "Celerina SUI"]
[Date "2017.06.04"]
[Round "3.1"]
[White "Ustiyanovich,N"]
[Black "Portmann,D"]
[Result "1-0"]
[WhiteElo "2367"]
[BlackElo "2051"]

1.d4 d6 2.e4 Nf6 3.Nc3 g6 4.Bf4 c6 5.Nf3 Qa5 6.Qd2 Nbd7 7.O-O-O b5 8.e5 b4
9.Nb1 Ne4 10.Qe1 d5 11.Ng1 f6 12.exf6 Nexf6 13.a3 Nh5 14.Bd2 Qb6 15.Bxb4 a5
16.Bc3 Bh6+ 17.Nd2 Ndf6 18.f3 Qa7 19.g4 Nf4 20.h4 Bg7 21.Nb3 a4 22.Nc5 Qc7
23.Qe5 Qxe5 24.dxe5 Ng8 25.Ne2 Ne6 26.Nxe6 Bxe6 27.Nd4 Kf7 28.Nxc6 Nh6 29.Nb4
Rhd8 30.Bb5 Kg8 31.Bc6 Ra5 32.Nd3 Ra7 33.Nf4 Kf7 34.Nh3 d4 35.Ng5+ Kg8 36.Nxe6
Rc8 37.Nxd4 Bxe5 38.Nb5 Bf4+ 39.Kb1 Ra6 40.Bb7 {#r} 1-0

[Event "11th Engadin Pfingst Open"]
[Site "Celerina SUI"]
[Date "2017.06.04"]
[Round "4.1"]
[White "Potterat,M"]
[Black "Ustiyanovich,N"]
[Result "0-1"]
[WhiteElo "2121"]
[BlackElo "2367"]

1.d4 g6 2.e4 d6 3.Nc3 Nf6 4.f4 Bg7 5.e5 dxe5 6.dxe5 Qxd1+ 7.Kxd1 Ng4 8.Ke1 c6
9.h3 Nh6 10.g4 f6 11.exf6 exf6 12.Bc4 f5 13.g5 Nf7 14.Rh2 Nd6 15.Bb3 Kd8
16.Re2 b6 17.Be3 Ba6 18.Rd2 Kc7 19.Nge2 Re8 20.Kf2 Bxe2 21.Kxe2 Bxc3 22.bxc3
Ne4 23.Rd3 Nd7 24.Kf3 Ndc5 25.Bxc5 Nxc5 26.Re3 Rxe3+ 27.Kxe3 Re8+ 28.Kf3 Ne4
29.c4 Nd2+ 30.Kf2 Ne4+ 31.Kf3 Nc5 32.Rf1 Re4 33.h4 Ne6 34.Kg3 Ng7 35.c5 Nh5+
36.Kh3 Nxf4+ 37.Rxf4 Rxf4 38.Bg8 Rf3+ 39.Kg2 Rf4 40.Kg3 Rg4+ 41.Kh3 Kd7
42.Bxh7 bxc5 43.Bxg6 Ke6 44.Bh7 Ke5 45.g6 Kf6 46.h5 Kg7 {#R} 0-1

[Event "17th IPCA WCh 2017"]
[Site "Ruzomberok SVK"]
[Date "2017.06.03"]
[Round "7.3"]
[White "Tersinsev,Andrey"]
[Black "Obodchuk,A"]
[Result "0-1"]
[WhiteElo "2122"]
[BlackElo "2372"]

1.d4 Nf6 2.c4 e6 3.Nc3 Bb4 4.e3 O-O 5.Bd3 b6 6.Ne2 Bb7 7.O-O d5 8.cxd5 exd5
9.Ng3 Re8 10.a3 Bf8 11.b4 Nbd7 12.Bb2 Ne4 13.Qc2 Ndf6 14.Ncxe4 dxe4 15.Bb5 Re6
16.Bc4 Nd5 17.Nxe4 Qh4 18.Bxd5 Bxd5 19.Ng3 Bd6 20.Qf5 Be4 21.Qh3 Qd8 22.Qg4
Bb7 23.Rfe1 Rg6 24.Qe2 Qh4 25.f4 Re8 26.Qf2 Qg4 27.Qe2 Qh4 28.Qf2 h5 29.e4
Bxf4 30.Rf1 Rxe4 31.Rfe1 Bxg3 32.hxg3 Rxg3 33.d5 Bxd5 34.Red1 Rf4 {#R} 0-1